[Event "Stavanger op"]
[Site "Stavanger"]
[Date "2018.10.11"]
[Round "2"]
[White "Kakousatze, Ilias"]
[Black "Lofaldli, Sofie"]
[Result "1-0"]
[WhiteElo "2186"]
[BlackElo "1572"]
[PlyCount "83"]
[EventDate "2018.10.10"]
[EventType "swiss"]
[EventRounds "9"]
[EventCountry "NOR"]
[SourceTitle "CBM 186 Extra"]
[Source "ChessBase"]
[SourceDate "2018.08.24"]
[SourceVersion "1"]
[SourceVersionDate "2018.08.24"]
[SourceQuality "1"]

1. e4 c5 2. Nf3 Nc6 3. d4 cxd4 4. Nxd4 g6 5. Nc3 Bg7 6. Be3 Nf6 7. Be2 0-0 8. Nb3 d6 9. 0-0 Be6 10. Kh1 d5 11. Bb5 Nxe4 12. Nxe4 dxe4 13. Nc5 Qxd1 14. Rfxd1 Nd8 15. c3 Bf5 16. Nd7 Bxd7 17. Rxd7 a6 18. Bc4 e6 19. a4 Bf6 20. Rad1 Nc6 21. Rxb7 Rfb8 22. Rb6 Rxb6 23. Bxb6 Ne5 24. Be2 a5 25. Bb5 Kg7 26. Kg1 g5 27. Kf1 Ng6 28. Rd7 Ne7 29. Rd8 Nc8 30. Rxc8 Rxc8 31. Bxa5 Bd8 32. Bb4 Rb8 33. c4 Bf6 34. b3 Bd4 35. c5 Rc8 36. c6 Ba7 37. Bd6 Bb8 38. Bxb8 Rxb8 39. Ba6 Rxb3 40. c7 Rb1+ 41. Ke2 Rb2+ 42. Kd1 1-0

[Event "Sandnes CC-ch B"]
[Site "Sandnes"]
[Date "2017.03.28"]
[Round "5"]
[White "Lofaldli, Sofie"]
[Black "Linjord, David Jess"]
[Result "0-1"]
[WhiteElo "1404"]
[BlackElo "1659"]
[PlyCount "74"]
[EventDate "2017.02.07"]
[EventType "swiss"]
[EventRounds "7"]
[EventCountry "NOR"]
[SourceTitle "EXT 2024"]
[Source "ChessBase"]
[SourceDate "2023.10.10"]
[SourceVersion "1"]
[SourceVersionDate "2023.10.10"]
[SourceQuality "1"]

1. e4 e5 2. Nf3 Nc6 3. d4 exd4 4. Nxd4 g6 5. Be3 Bg7 6. f3 Nf6 7. Bc4 0-0 8. Qd2 d5 9. exd5 Nxd5 10. Bxd5 Qxd5 11. Nc3 Qd7 12. Nxc6 Qxd2+ 13. Bxd2 bxc6 14. Bf4 Re8+ 15. Kd2 Ba6 16. Bxc7 Bh6+ 17. Kd1 Re7 18. Ba5 Rae8 19. Ne4 Rd7+ 20. Bd2 Rxe4 21. fxe4 Rxd2+ 22. Ke1 Re2+ 23. Kd1 Rxg2 24. b3 Bg7 25. Rb1 Bc3 26. h3 Re2 27. a3 Rxe4 28. b4 Bb5 29. Rb3 Re3 30. h4 Bc4 31. Rb1 Ba2 32. Rc1 f5 33. Rg1 f4 34. h5 f3 35. hxg6 f2 36. gxh7+ Kxh7 37. Rf1 Re1+ 0-1

[Event "Sandnes CC-ch B"]
[Site "Sandnes"]
[Date "2017.03.14"]
[Round "4"]
[White "Larsen, Roald B"]
[Black "Lofaldli, Sofie"]
[Result "1-0"]
[WhiteElo "1644"]
[BlackElo "1404"]
[PlyCount "49"]
[EventDate "2017.02.07"]
[EventType "swiss"]
[EventRounds "7"]
[EventCountry "NOR"]
[SourceTitle "EXT 2024"]
[Source "ChessBase"]
[SourceDate "2023.10.10"]
[SourceVersion "1"]
[SourceVersionDate "2023.10.10"]
[SourceQuality "1"]

1. c4 e6 2. Nf3 d5 3. d4 Nf6 4. Nc3 Be7 5. Bf4 0-0 6. e3 a6 7. Bd3 dxc4 8. Bxc4 b5 9. Bd3 Bb7 10. 0-0 Nbd7 11. a3 c5 12. Ne5 cxd4 13. exd4 Nxe5 14. dxe5 Nd5 15. Ne2 Nxf4 16. Nxf4 h6 17. Qh5 Bg5 18. Rad1 Qc7 19. Nh3 Qxe5 20. Rfe1 Qc5 21. b4 g6 22. Bxg6 Qc6 23. Be4 Qc7 24. Nxg5 Bxe4 25. Nxe4 1-0

[Event "Sandnes CC-ch C"]
[Site "Sandnes"]
[Date "2016.??.??"]
[Round "3"]
[White "Gyland, Stig"]
[Black "Lofaldli, Sofie"]
[Result "1-0"]
[WhiteElo "1510"]
[BlackElo "1388"]
[PlyCount "61"]
[EventDate "2016.02.02"]
[EventType "tourn"]
[EventRounds "7"]
[EventCountry "NOR"]
[SourceTitle "EXT 2024"]
[Source "ChessBase"]
[SourceDate "2023.10.10"]
[SourceVersion "1"]
[SourceVersionDate "2023.10.10"]
[SourceQuality "1"]

1. b3 e5 2. Bb2 f6 3. e3 d5 4. Nf3 Bd6 5. c4 Ne7 6. Nc3 c6 7. Rc1 Bg4 8. cxd5 cxd5 9. Be2 Nbc6 10. 0-0 Qd7 11. Nh4 Bxe2 12. Qxe2 e4 13. g3 h5 14. Nb5 Bb8 15. a3 a6 16. Nd4 Kf7 17. Nxc6 Nxc6 18. f3 g5 19. fxe4 Ne5 20. Nf3 Qe7 21. exd5 h4 22. Nxg5+ Kg6 23. Nf3 hxg3 24. Nxe5+ Bxe5 25. Qg4+ Kf7 26. Bxe5 Qxe5 27. hxg3 Rad8 28. Rf3 Qb2 29. Rc7+ Ke8 30. Qg6+ Kf8 31. Qf7# 1-0

[Event "Sandnes CC-ch C"]
[Site "Sandnes"]
[Date "2016.??.??"]
[Round "4"]
[White "Lofaldli, Sofie"]
[Black "Jakobsen, Oskar Feed"]
[Result "0-1"]
[WhiteElo "1388"]
[BlackElo "1535"]
[PlyCount "92"]
[EventDate "2016.02.02"]
[EventType "tourn"]
[EventRounds "7"]
[EventCountry "NOR"]
[SourceTitle "EXT 2024"]
[Source "ChessBase"]
[SourceDate "2023.10.10"]
[SourceVersion "1"]
[SourceVersionDate "2023.10.10"]
[SourceQuality "1"]

1. d4 Nf6 2. c4 g6 3. Nc3 d5 4. cxd5 Nxd5 5. e4 Nxc3 6. bxc3 Bg7 7. Nf3 c5 8. Bb5+ Nd7 9. Bb2 a6 10. Bxd7+ Bxd7 11. dxc5 0-0 12. 0-0 Rc8 13. Qb3 Bc6 14. Rfe1 Qc7 15. c4 Bxb2 16. Qxb2 Rb8 17. Re3 Bd7 18. Qb6 Rfc8 19. Qxc7 Rxc7 20. Ne5 Be6 21. f4 Rxc5 22. Rb1 f6 23. Rb6 fxe5 24. Rxe6 exf4 25. Rb3 Kf7 26. Rxa6 bxa6 27. Rxb8 Rxc4 28. Rh8 Kg7 29. Rd8 Rxe4 30. Kf2 Ra4 31. Rd2 Ra3 32. Re2 Kf6 33. Ke1 e5 34. Kd1 Kf5 35. Kc1 Re3 36. Rf2 e4 37. Kd2 Ra3 38. Kc1 e3 39. Re2 Ke4 40. Kb2 Rd3 41. Kc2 Kd4 42. h4 Rc3+ 43. Kd1 Kd3 44. Rb2 h6 45. Re2 Rc1+ 46. Kxc1 Kxe2 0-1

[Event "Sandnes CC-ch"]
[Site "Sandnes"]
[Date "2015.02.03"]
[Round "6"]
[White "Lofaldli, Sofie"]
[Black "Sinnes, Daniel"]
[Result "1/2-1/2"]
[WhiteElo "900"]
[BlackElo "984"]
[PlyCount "130"]
[EventDate "2015.02.03"]
[EventType "swiss"]
[EventRounds "7"]
[EventCountry "NOR"]
[SourceTitle "EXT 2017"]
[Source "ChessBase"]
[SourceDate "2016.10.25"]
[SourceVersion "1"]
[SourceVersionDate "2016.10.25"]
[SourceQuality "1"]

1. d4 Nf6 2. c4 e6 3. Nc3 d5 4. Bg5 Be7 5. e3 c6 6. Nf3 Nbd7 7. cxd5 exd5 8. Bd3 0-0 9. 0-0 Qc7 10. Qc2 b6 11. h3 h6 12. Bf4 Bd6 13. Bxd6 Qxd6 14. e4 dxe4 15. Nxe4 Nxe4 16. Bxe4 Bb7 17. Rac1 Rac8 18. Rfd1 Nf6 19. Ne5 Nxe4 20. Qxe4 Rfe8 21. Qf5 Qd5 22. Qd7 c5 23. Qxd5 Bxd5 24. b3 cxd4 25. Rxc8 Rxc8 26. Rxd4 Be6 27. Rd2 Rc5 28. f4 g5 29. Nd3 Rd5 30. Kf2 gxf4 31. Ke2 Rd4 32. Nf2 f3+ 33. gxf3 Rh4 34. Rd1 Kh7 35. Ke3 Rh5 36. Rg1 Ra5 37. Ne4 f5 38. Nf6+ Kh8 39. Rg2 f4+ 40. Kd4 Rg5 41. Rxg5 hxg5 42. Ng4 Kg7 43. Ke5 Bd7 44. Kd6 Bxg4 45. hxg4 Kf6 46. Kc6 Ke5 47. Kb7 Kd4 48. Kxa7 Ke3 49. Kxb6 Kxf3 50. a4 Kxg4 51. a5 f3 52. a6 f2 53. a7 f1Q 54. a8Q Qf6+ 55. Qc6 Kf5 56. Qxf6+ Kxf6 57. Kc5 Ke5 58. Kc4 Ke4 59. b4 g4 60. b5 g3 61. b6 g2 62. b7 g1Q 63. b8Q Qd4+ 64. Kb3 Qd1+ 65. Kb2 Qd4+ 1/2-1/2